Перевал: повесть; для среднего и старшего школьного возраста

Dettagli Bibliografici
Autore principale: Астафьев В. П. Виктор Петрович
Altri autori: Рудаков М. З. (иллюстратор)
Lingua:russo
Pubblicazione: Москва, Советская Россия, 1975
Soggetti:
Natura: Libro
KOHA link:https://koha.lib.tpu.ru/cgi-bin/koha/opac-detail.pl?biblionumber=154005

MARC

LEADER 00000nam0a2200000 4500
001 154005
005 20231101221731.0
035 |a (RuTPU)RU\TPU\book\167055 
090 |a 154005 
100 |a 20090219d1975 de y0rusy50 ca 
101 0 |a rus 
102 |a RU 
105 |a a z 000ay 
200 1 |a Перевал  |e повесть  |e для среднего и старшего школьного возраста  |f В. П. Астафьев  |g худож. М. З. Рудаков 
210 |a Москва  |c Советская Россия  |d 1975 
215 |a 136 с.  |c ил. 
610 1 |a детская литература 
610 1 |a повести 
675 |a Р2  |v 3 
700 1 |a Астафьев  |b В. П.  |c русский писатель  |f 1924-2001  |g Виктор Петрович  |2 stltpush  |3 (RuTPU)RU\TPU\pers\8221  |9 1618 
702 1 |a Рудаков  |b М. З.  |4 440 
801 1 |a RU  |b 63413507  |c 20090219  |g PSBO 
801 2 |a RU  |b 63413507  |c 20190424  |g RCR 
942 |c BK